书目信息 |
| 题名: |
香港问题始末
|
|
| 作者: | 姜秉正 著 | |
| 分册: | ||
| 出版信息: | 西安 陕西人民出版社 1987 |
|
| 页数: | 250页 | |
| 开本: | 19cm | |
| 丛书名: | ||
| 单 册: | ||
| 中图分类: | D676.58 | |
| 科图分类: | ||
| 主题词: | 政治--中国--香港 | |
| 电子资源: | ||
| ISBN: | ||
| 000 | 00621nam0 2200229 45 | |
| 001 | 0187012570 | |
| 005 | 20050622112135.0 | |
| 010 | @dCNY1.50 | |
| 091 | @a11094.201 | |
| 100 | @a19951204d1987 em y0chiy0121 ea | |
| 101 | 0 | @achi |
| 102 | @aCN@b610000 | |
| 105 | @aa z 000yy | |
| 200 | 10 | @a香港问题始末@Axiang gang wen ti shi mo@f姜秉正著@FJiang Bing Zheng Zhu |
| 210 | @a西安@c陕西人民出版社@d1987 | |
| 215 | @a250页@c图@d19cm | |
| 606 | 0 | @a政治@x中国@x香港 |
| 690 | @aD676.58@v3 | |
| 701 | 0 | @a姜秉正@4著 |
| 801 | 0 | @aCN@b深圳图书馆@c20040424 |
| 801 | 2 | @aCN@bNLC@c20040424 |
| 905 | @dD676.58@e15@f1@b256982 | |
| 香港问题始末/姜秉正著.-西安:陕西人民出版社,1987 |
| 250页:图;19cm |
| ISBN :CNY1.50 |
| ● |
| 相关链接 |
|
|
|
|
正题名:香港问题始末
索取号:D676.58/15
 
预约/预借
| 序号 | 登录号 | 条形码 | 馆藏地/架位号 | 状态 | 备注 |
| 1 | 0256981 | 000096327 | 密集书库/ [索取号:D676.58/15] | 在馆 | |
| 2 | 0256982 | 001440364 | 第一样本阅览室/ [索取号:D676.58/15] | 在馆 | |
| 3 | 0258674 | 000096345 | 密集书库/ [索取号:D676.58/15] | 在馆 | |
| 4 | 0258675 | 000378745 | 第一借阅区/ [索取号:D676.58/15] | 在馆 | |
| 5 | 0258676 | 000378736 | 密集书库/ [索取号:D676.58/15] | 在馆 | |
| 6 | 0258677 | 000096354 | 第一借阅区/ [索取号:D676.58/15] | 在馆 | |
| 7 | 0258678 | 000096363 | 第一借阅区/ [索取号:D676.58/15] | 在馆 |